000 00253nam a2200085Ia 4500
245 0 _aA short history of African philosophy
100 _a Hallen, B. Bloomington, [c.2009] 2nd ed
_985389
942 _cBK
008 210817s9999 xx 000 0 und d
999 _c318956
_d318955